Meeste wedstrijden Eredivisie 21e Eeuw - Statistieken

Algemene statistieken
  • Deze quiz is 43 keer genomen
  • De gemiddelde score is 18 van 150
Antwoordstatistieken
Positie Speler Positie Nationaliteit Minuten gespeeld Doelpunten Assists Wedstrijden % Correct
1 Lasse Schöne Defensief middenveld 33.127 84 75 419
86%
46 Luuk de Jong Centrumspits 22.231 149 77 272
76%
60 Siem de Jong Aanvallend middenveld 17.046 71 40 258
70%
31 Dusan Tadic Linksbuiten 25.510 119 140 295
57%
114 Davy Klaassen Centraal middenveld 16.375 73 36 219
51%
50 Bram van Polen Rechtervleugelverdediger 22.866 21 9 266
46%
76 Daley Blind Centrale verdediger 19.840 10 18 243
46%
120 Hakim Ziyech Rechtsbuiten 18.092 79 97 216
43%
2 Jens Toornstra Defensief middenveld 32.975 85 72 414
43%
3 Willem Janssen Centrale verdediger 31.882 54 27 409
43%
18 Nick Viergever Centrale verdediger 26.370 16 15 318
41%
40 Remko Pasveer Keeper 25.070 0 3 280
41%
11 Theo Janssen Centraal middenveld 27.210 50 52 337
38%
38 Jordy Clasie Defensief middenveld 23.009 16 32 283
35%
93 Klaas-Jan Huntelaar Centrumspits 16.576 154 36 233
35%
52 Dirk Kuyt Rechtsbuiten 22.428 142 71 264
32%
16 Mark van der Maarel Rechtervleugelverdediger 25.295 10 14 324
32%
26 Steven Berghuis Rechtsbuiten 22.094 109 86 305
32%
25 Karim El Ahmadi Defensief middenveld 25.285 17 21 305
30%
131 Maarten Stekelenburg Keeper 18.595 0 1 210
30%
116 Kenneth Vermeer Keeper 19.336 0 1 218
27%
5 Gábor Babos Keeper 33.761 1 3 377
24%
61 Gregoor van Dijk Centraal middenveld 21.544 29 9 257
24%
101 Rob van Dijk Keeper 19.928 0 1 227
24%
108 Blaise Nkufo Centrumspits 19.373 114 41 223
22%
10 Bryan Linssen Centrumspits 25.254 108 47 341
22%
51 Eric Botteghin Centrale verdediger 22.632 19 14 266
22%
48 Kenneth Pérez Centrumspits 18.915 88 66 271
22%
27 Sander Boschker Keeper 26.948 0 0 305
22%
129 Davy Pröpper Centraal middenveld 15.449 32 31 211
19%
47 Matthew Amoah Centrumspits 21.004 103 31 271
19%
7 Wout Brama Defensief middenveld 26.153 9 23 353
19%
73 Guram Kashia Centrale verdediger 21.554 20 17 245
16%
42 Jeroen Zoet Keeper 24.884 0 1 277
16%
28 Lex Immers Aanvallend middenveld 25.483 63 37 304
16%
33 Jan-Arie van der Heijden Centrale verdediger 24.505 14 15 294
14%
135 Maarten Martens Aanvallend middenveld 15.069 42 63 207
14%
81 Michiel Kramer Centrumspits 14.981 76 26 239
14%
107 Tim Matavz Centrumspits 14.582 90 31 223
14%
94 Tom Beugelsdijk Centrale verdediger 18.424 16 12 232
14%
6 Anthony Lurling Aanvallend middenveld 27.110 64 53 354
11%
147 Bart Vriends Centrale verdediger 17.048 10 2 203
11%
106 Dennis Gentenaar Keeper 20.013 0 2 224
11%
66 Édouard Duplan Linksbuiten 18.776 33 43 251
11%
79 Erwin Mulder Keeper 21.401 0 0 241
11%
75 Frank Demouge Centrumspits 16.258 66 26 243
11%
111 Georginio Wijnaldum Centraal middenveld 17.326 64 24 220
11%
36 Jelle ten Rouwelaar Keeper 25.763 0 0 287
11%
99 Joris Mathijsen Centrale verdediger 19.216 9 10 227
11%
97 Ron Vlaar Centrale verdediger 19.493 13 7 229
11%
132 Tonny Vilhena Centraal middenveld 16.247 36 23 208
11%
95 Vurnon Anita Defensief middenveld 17.624 8 14 231
11%
8 Aaron Meijers Linkervleugelverdediger 28.104 10 41 349
8%
19 Arnold Kruiswijk Centrale verdediger 26.250 1 3 317
8%
102 Boldizsár Bodor Linkervleugelverdediger 15.665 20 24 226
8%
63 Csaba Fehér Defensief middenveld 21.191 23 22 255
8%
139 Danny Buijs Centraal middenveld 15.742 23 19 206
8%
24 Erik Falkenburg Aanvallend middenveld 21.193 66 15 309
8%
119 Everton Centrumspits 15.361 70 17 217
8%
72 Michael de Leeuw Centrumspits 19.122 85 19 246
8%
30 Mike te Wierik Centrale verdediger 25.910 8 6 303
8%
67 Nourdin Boukhari Aanvallend middenveld 17.420 44 22 251
8%
124 Patrick Pothuizen Centrale verdediger 15.150 11 1 214
8%
4 Peter Wisgerhof Centrale verdediger 33.558 21 10 390
8%
117 Piet Velthuizen Keeper 19.137 0 2 218
8%
113 Rasmus Lindgren Centrale verdediger 16.604 15 16 219
8%
78 Rydell Poepon Centrumspits 18.680 64 28 241
8%
98 Sergio Padt Keeper 20.520 0 1 228
8%
56 Tom Caluwé Aanvallend middenveld 19.708 43 32 260
8%
57 Adam Maher Centraal middenveld 20.590 32 40 259
5%
123 Ali Boussaboun Linksbuiten 13.527 42 21 214
5%
148 Bart van Hintum Centrale verdediger 16.424 7 18 203
5%
127 Bram Castro Keeper 19.033 0 2 213
5%
128 Darl Douglas Rechtsbuiten 13.438 13 20 212
5%
39 Denny Landzaat Centraal middenveld 22.840 63 31 281
5%
34 Frank van der Struijk Rechtervleugelverdediger 23.202 7 11 293
5%
85 Henk Timmer Keeper 20.990 0 1 237
5%
134 Jan Vennegoor of Hesselink Centrumspits 13.933 90 21 208
5%
54 Kwame Quansah Defensief middenveld 21.413 19 14 263
5%
143 Leroy Fer Defensief middenveld 16.025 29 21 204
5%
121 Marko Vejinović Defensief middenveld 14.697 23 37 215
5%
58 Mats Seuntjens Centrumspits 17.266 34 34 259
5%
9 Michel Breuer Centrale verdediger 29.009 12 11 343
5%
43 Mike van Duinen Centrumspits 19.274 53 24 275
5%
80 Nicky Hofs Aanvallend middenveld 16.831 49 28 240
5%
149 Rick Hoogendorp Centrumspits 15.713 82 17 203
5%
83 Robin Nelisse Centrumspits 16.114 75 20 238
5%
44 Rob Penders Centrale verdediger 23.776 22 6 274
5%
91 Ryan Koolwijk Centraal middenveld 18.818 15 33 236
5%
87 Sander van de Streek Aanvallend middenveld 17.537 57 23 237
5%
53 Thomas Bruns Centraal middenveld 17.264 30 27 263
5%
37 Tim de Cler Linkervleugelverdediger 24.637 7 27 285
5%
68 Urby Emanuelson Centraal middenveld 18.069 21 31 249
5%
70 Youssouf Hersi Rechtsbuiten 16.001 47 25 248
5%
21 Adil Auassar Centrale verdediger 24.156 21 19 313
3%
145 Adil Ramzi Linker middenveld 13.894 35 26 203
3%
29 Anouar Hadouir Aanvallend middenveld 19.081 41 39 304
3%
133 Arne Slot Aanvallend middenveld 15.355 27 23 208
3%
86 Barry Opdam Centrale verdediger 19.962 8 13 237
3%
141 Bas Sibum Centraal middenveld 13.920 8 17 205
3%
20 Ben Rienstra Centraal middenveld 26.064 28 19 317
3%
105 Cedric van der Gun Centrumspits 16.457 53 26 224
3%
13 Christian Kum Centrale verdediger 26.551 13 8 334
3%
118 Danny Holla Centraal middenveld 17.476 30 32 217
3%
92 David Mendes da Silva Defensief middenveld 19.654 16 15 234
3%
55 Dirk Marcellis Centrale verdediger 21.824 5 13 261
3%
112 Edwin de Graaf Centraal middenveld 17.717 34 12 219
3%
84 Gill Swerts Rechtervleugelverdediger 18.636 10 11 238
3%
109 Henrico Drost Centrale verdediger 18.376 3 2 222
3%
96 Jan Wuytens Centrale verdediger 19.241 11 6 229
3%
104 Jason Oost Aanvallend middenveld 13.105 32 15 224
3%
144 Jeffrey Leiwakabessy Linkervleugelverdediger 16.116 0 3 203
3%
89 Jeroen Heubach Linkervleugelverdediger 18.965 5 14 236
3%
137 Jesper Drost Aanvallend middenveld 13.259 21 32 206
3%
17 Joost Broerse Centrale verdediger 24.280 20 16 318
3%
126 Joris van Overeem Defensief middenveld 15.271 14 27 213
3%
35 Kew Jaliens Centrale verdediger 24.631 9 4 291
3%
71 Kurt Elshot Rechtervleugelverdediger 20.973 7 11 246
3%
115 Luciano Narsingh Rechtsbuiten 14.071 38 62 218
3%
69 Luigi Bruins Centraal middenveld 17.991 34 30 249
3%
22 Mark-Jan Fledderus Linkervleugelverdediger 21.632 32 28 310
3%
146 Mark Looms Linkervleugelverdediger 17.301 5 6 203
3%
136 Michael Dingsdag Centrale verdediger 17.310 5 7 207
3%
90 Navarone Foor Aanvallend middenveld 16.806 23 32 236
3%
82 Orlando Engelaar Defensief middenveld 16.871 38 15 239
3%
65 Pascal Bosschaart Centrale verdediger 20.013 0 16 252
3%
110 Patrick Paauwe Centrale verdediger 19.318 21 15 221
3%
41 Patrick Zwaanswijk Centrale verdediger 24.215 23 8 279
3%
23 Purrel Fränkel Linkervleugelverdediger 25.394 4 20 309
3%
150 Ramon Leeuwin Centrale verdediger 15.461 4 1 203
3%
15 Ramon Zomer Centrale verdediger 26.560 23 12 325
3%
140 Rens van Eijden Centrale verdediger 16.929 7 4 205
3%
130 Resit Schuurman Defensief middenveld 18.034 6 15 211
3%
62 Robbert Schilder Centrale verdediger 20.325 18 20 256
3%
14 Rob Wielaert Centrale verdediger 28.592 17 11 327
3%
49 Romano Denneboom Rechtsbuiten 18.689 55 25 271
3%
59 Roy Beerens Rechtsbuiten 19.201 43 54 258
3%
77 Saïd Boutahar Aanvallend middenveld 19.226 44 29 241
3%
122 Sander Keller Centrale verdediger 16.734 17 6 214
3%
64 Sander van Gessel Defensief middenveld 19.395 25 11 253
3%
100 Simon Cziommer Centraal middenveld 14.978 34 24 227
3%
138 Sjaak Polak Linkervleugelverdediger 15.522 31 13 206
3%
142 Stefaan Tanghe Aanvallend middenveld 17.082 47 18 204
3%
45 Stijn Schaars Defensief middenveld 20.484 15 30 272
3%
32 Tim Breukers Rechtervleugelverdediger 24.088 1 14 294
3%
12 Tim Cornelisse Rechtervleugelverdediger 29.359 13 23 335
3%
103 Timothy Derijck Centrale verdediger 18.063 17 5 225
3%
125 Wilfred Bouma Linkervleugelverdediger 17.431 14 21 213
3%
88 Youssef El Akchaoui Linkervleugelverdediger 20.196 16 16 237
3%
74 Yuri Cornelisse Rechter middenveld 17.573 39 32 243
3%
Geen overeenkomende quizzen gevonden
Scoreverdeling
Procent van Mensen met Elke Score
Percentiel versus Aantal Correcte Antwoorden
Uw Scoregeschiedenis
U heeft deze quiz nog niet genomen